| 000 | 00739nam a22002057a 4500 | ||
|---|---|---|---|
| 999 |
_c19308 _d19308 |
||
| 003 | AR-CdUCM | ||
| 008 | 190517b ||||| |||| 00| 0 spa d | ||
| 040 |
_aMUNICIPALIDAD PROVINCIAL DEL CUSCO _cBIBLIOTECA MUNICIPAL DEL CUSCO |
||
| 082 |
_a799.2 / _bC22 |
||
| 100 |
_aDisposiciones legales de interés sobre armas de fuego y caza _940575 |
||
| 245 |
_aManual del cazador : _bArmas de fuego individuales / |
||
| 260 |
_aCuzco : _bCuzco, _c1965. |
||
| 300 |
_a133 páginas ; _bilustraciones, _c21 cm. |
||
| 505 | _aContenido : Carabinas en general -- Escopetas de caza -- Degradación de armas... | ||
| 650 |
_aEscopetas _940576 |
||
| 650 |
_aRevolveres _940577 |
||
| 650 |
_aNormas legales _923678 |
||
| 942 |
_2ddc _cLIBROS |
||
| 945 | _arcc | ||